Adaptive optics and short wavelength sources (Record no. 6662)

MARC details
000 -LEADER
fixed length control field 00499nam a2200169Ia 4500
003 - CONTROL NUMBER IDENTIFIER
control field IN-BaIIA
008 - FIXED-LENGTH DATA ELEMENTS--GENERAL INFORMATION
fixed length control field 211028s9999 xx 000 0 eng d
040 ## - CATALOGING SOURCE
Transcribing agency IIA Library
080 ## - UNIVERSAL DECIMAL CLASSIFICATION NUMBER
Universal Decimal Classification number 535.14
Item number JAC
100 ## - MAIN ENTRY--PERSONAL NAME
Personal name Jacobs, S. F.
9 (RLIN) 11412
245 #0 - TITLE STATEMENT
Title Adaptive optics and short wavelength sources
Statement of responsibility, etc. S. F. Jacobs
260 ## - PUBLICATION, DISTRIBUTION, ETC.
Place of publication, distribution, etc. Massachusetts
Date of publication, distribution, etc. 1978
300 ## - PHYSICAL DESCRIPTION
Extent xi, 312p.
650 ## - SUBJECT ADDED ENTRY--TOPICAL TERM
Topical term or geographic name entry element Astronomy and Astrophysics Thesaurus
650 ## - SUBJECT ADDED ENTRY--TOPICAL TERM
Topical term or geographic name entry element Optics
942 ## - ADDED ENTRY ELEMENTS (KOHA)
Koha item type Books
Holdings
Withdrawn status Lost status Damaged status Not for loan Home library Current library Shelving location Date acquired Total Checkouts Full call number Barcode Date last seen Date last checked out Price effective from Koha item type
        IIA Library-Bangalore IIA Library-Bangalore General Stacks 27/10/1980 1 535.14/ JAC 7411 10/05/2024 02/05/2024 27/10/1980 Books

Powered by Koha